An endless song

Bibliographic Details
Main Author: Baker, Donna
Format: Book
Published: London : Headline Book Publishing , 1994
Subjects:

MARC

LEADER 00000cam a2200000 7i4500
001 0000009903
005 20101123.0
020 |a 0747211000 
090 0 0 |a F   |b BAK 
100 1 |a Baker, Donna 
245 1 3 |a An endless song   |c Donna Baker 
260 |a London :   |b Headline Book Publishing ,   |c 1994 
300 |a 375 p. ;   |c 27 cm. 
650 0 0 |a Fiction 
999 |a 041403   |b BUKU   |c PINJAMAN   |e PERPUSTAKAAN KOMUNITI PETALING JAYA